00230 a2200109 4500001000700000020000600007040001100013100000600024240004300030245003800073362000900111169733 a  cMagnum a-10aRevista de educacao aec/30 anos !lpor10aRevista de educacao aec/30 anos !0 a1899